100 - Né(es) un 10 avril - Statistiques

Statistiques générales
  • Ce quiz a été pris 12 fois
  • Le résultat moyen est 4 sur 12
Statistiques - réponses
Hint Année de naissance Réponse % Correct
Acteur et réalisateur français notamment des "Petits mouchoirs" et "Jeux d'enfants", "Ne le dis à personne". 1973 Guillaume Canet
91%
Dirigeant de facto de l’URSS de 1922 à 1924. 1870 Vladimir Ilitch Oulianov|Lénine
82%
Épouse de celui qui fut président de la République française de 1974 à 1981. 1933 Anne-Aymone Giscard d'Estaing
55%
Journaliste américain, précurseur du journalisme d'investigation, qui laissa son nom à un célèbre prix. 1847 Joseph Pulitzer
45%
Acteur égyptien. Vu dans "Lawrence d'Arabie", "Le Docteur Jivago", "Monsieur Ibrahim et les Fleurs du Coran". 1932 Michel Dimitri Shalhoub|Omar Sharif
45%
Acteur américain. Septième dan d'aïkido. Vu dans "Nico", "Échec et Mort", "Piège en haute mer", "Terrain miné", "Piège à grande vitesse". 1952 Steven Seagal
45%
Roi d'Écosse de 1513 à 1542. 1512 Jacques V
9%
Général français de la Révolution et de l'Empire, élevé à la dignité de maréchal d'Empire en 1804 et inhumé au Panthéon en 1810. 1769 Jean Lannes
9%
Acteur franco-suédois. Vu dans "Le Septième Sceau", "La Plus Grande Histoire jamais contée", "L'Exorciste", "Pelle le Conquérant", "Extrêmement fort et incroyablement près" et "Minority Report". 1929 Max von Sydow
9%
Empereur romain d'Orient de 408 à 450. 401 Théodose II
9%
Homme politique français. Maire d'Amiens de 1989 à 2002. Député de la Somme, de 1986 à 2002. Plusieurs fois ministres. 1941 Gilles de Robien
0%
Figure majeure dans les domaines de la philosophie, de la théorie politique et du droit durant les XVIIe siècle et XVIIIe siècle car ses travaux jettent les bases du droit international. 1583 Hugo Grotius|Hugo de Groot
0%
Aucun quiz correspondant
Distribution des résultats
% des personnes avec chaque résultat
Percentile par nombre de réponses
Votre historique - résultats
Vous n’avez pas pris ce quiz